000 00427nam a2200145 i 4500
001 96012
003 ES-MaACL
005 20230906181822.0
007 t|
008 050608s1916 mx ||||1| spa d
100 1 _aMachorro y Narvèz, Paulino.
_9129288
245 1 3 _aLa enseñanza en México /
_cPaulino Machorro Narvèz.
260 _aMéxico :
_b[s.n.],
_c1916 (
_fImp. de Manuel León Sánchez)
852 _aES-MaACL
_j1564-F-1
999 _c96012
_d96012